Néprajzi szabadegyetem [rövid hír]
Elmentve itt :
| Dokumentumtípus: | Cikk |
|---|---|
| Megjelent: |
1980-03-16
|
| Sorozat: | Délmagyarország
70 No. 64 |
| Online Access: | http://dmarchiv.bibl.u-szeged.hu/90016 |
| LEADER | 00376nab a2200133 i 4500 | ||
|---|---|---|---|
| 001 | delm90016 | ||
| 005 | 20190607101337.0 | ||
| 008 | 190607s1980 hu o 0|| hun d | ||
| 040 | |a SZTE Délmagyarország Archívum |b hun | ||
| 041 | |a hun | ||
| 245 | 0 | 0 | |a Néprajzi szabadegyetem [rövid hír] |h [elektronikus dokumentum] |
| 260 | |c 1980-03-16 | ||
| 300 | |a 12 | ||
| 490 | 0 | |a Délmagyarország |v 70 No. 64 | |